Micronations of the World - Statistics

General Stats
  • This quiz has been taken 31 times
  • The average score is 14 of 81
Answer Stats
Hint Answer % Correct
Principality of S___land Sealand
92%
Republic of M_______ Molossia
52%
Royal Republic of L______ Ladonia
44%
Principality of W_ Wy
44%
*Principality of H___ R____ Hutt River
40%
Principality of S______ Seborga
40%
People's Republic of K_________ Kugelmugel
32%
Free Republic of L____land Liberland
28%
Freetown C__________ Christiania
24%
C____ Republic Conch
24%
I___land Ironland
24%
Maritime Republic of E___port Eastport
20%
E___land-V____land Elgaland-Vargaland
20%
*G__ and L______ Kingdom of the Coral Sea Islands Gay and Lesbian
20%
Kingdom of R______ Redonda
20%
*Republic of R___ Island Rose
20%
United Territories of the Sovereign Nation of The People's Republic of S___________ Slowjamastan
20%
Global Country of W____ P____ World Peace
20%
Principality of A_____ - M_____ Aigues-Mortes
16%
A____land Akhzivland
16%
Space Kingdom of A_______ Asgardia
16%
*Operation A_______ Atlantis
16%
*Nation of C________ S____ Celestial Space
16%
Kingdom of E______ Elleore
16%
Sovereign State of F_____ Forvik
16%
*Free Territory of F______land Freedomland
16%
G______ Republic Glacier
16%
Principality of I_______ Islandia
16%
United Republics of J___land, H_________, and R_____ Jämtland, Härjedalen, and Ravund
16%
*Kingdom of L_____ Lovely
16%
N___ R___ Nova Roma
16%
*Independent State of R______ C____ Rainbow Creek
16%
Holy Empire of R______ Reunion
16%
Principality of S____ Hill Snake
16%
*Sovereign Humanitarian Mission State of A______ L____ Aeterna Lucia
12%
*Independent State of A_______ Aramoana
12%
Empire of A________ Atlantium
12%
Empire of A________ Austenasia
12%
Grand Duchy of A____ Avram
12%
*Province of B_______ Bumbunga
12%
Principality of F________ Filettino
12%
Grand Duchy of F__________ Flandrensis
12%
Free Borough of L_______ Free Borough of Llanrwst
12%
*F________ Frestonia
12%
G________ Ganienkeh
12%
*K_______ Republic Kalakuta
12%
*K______ A____ S______ Keraton Agung Sejagat
12%
Kingdom of E___K__ Kingdom of EnenKio
12%
Principality of L___ en B____ Laàs en Béarn
12%
Kingdom of L'A___ S____ J___ L'Anse Saint Jean
12%
*Republic of M___ E___ Malu Entu
12%
*Principality of M__________ Marlborough
12%
Dominion of M__________ Melchizedek
12%
*Republic of M______ Minerva
12%
Most Serene Federal Republic of M_________ Montmartre
12%
*Sultanate of M'S______ M'Simbati
12%
M_________ Republic Murrawarri
12%
N______ Nutopia
12%
O____ W____ Kingdom Other World
12%
*Principality of O____ B_______ Outer Baldonia
12%
Republic of P____ D____ M____ Q____ Parva Domus Magna Quies
12%
*Republic of P________ Peščenica
12%
*Islands of R__________ Refreshment
12%
Republic of V______ Republic of Vevčani
12%
*R________ Rüterberg
12%
Republic of S_______ Saugeais
12%
*S____ Democratic Empire Sunda
12%
Kingdom of T______ Talossa
12%
*Principality of T_______ Trinidad
12%
*Kingdom of V____land Vikesland
12%
Kingdom of W________ Wallachia
12%
*Global State of W___land Waveland
12%
*Free Republic of W___land Wendland
12%
Sovereign Y______ Government Yidindji
12%
Z_______ Zaqistan
12%
*Principality of F________ Freedonia
8%
Republic of M____ - S________ - M____ Morac-Songhrati-Meads
8%
*Bunte Republik N_______ Neustadt
8%
*N__ A_______ New Atlantis
8%
Grand Duchy of W__________ Westarctica
8%
*State of S____ Scott
4%
No matching quizzes found
Score Distribution
Percent of People with Each Score
Percentile by Number Answered
Your Score History
You have not taken this quiz